[Event "Otwarty Turniej Szachowy w ramach Mistrz"]
[Site "MDK nr 2 ul. Leszczynskiego 42"]
[Date "2016.10.28"]
[Round "1.1"]
[White "Dobrowolski, Piotr"]
[Black "Dyrka, Milosz"]
[Result "1-0"]
[WhiteElo "2422"]
[BlackElo "1361"]
[PlyCount "61"]
[EventDate "2016.??.??"]

1. d4 Nf6 2. c4 g6 3. Nc3 Bg7 4. e4 d6 5. Nf3 O-O 6. Be2 Nfd7 7. O-O e5 8. Bg5
f6 9. Be3 a6 10. Rc1 Nc6 11. Qd2 Ne7 12. Rfd1 exd4 13. Nxd4 Ne5 14. h3 N7c6 15.
Nc2 Be6 16. Nd5 Ne7 17. f4 N5c6 18. Nd4 Nxd4 19. Bxd4 Nxd5 20. cxd5 Bd7 21. Bf3
Rb8 22. Qc3 Rc8 23. Qb3 Rb8 24. Ba7 Rc8 25. Qxb7 Bb5 26. b3 Rf7 27. a4 c5 28.
dxc6 Rxb7 29. cxb7 Rb8 30. Bxb8 Qxb8 31. Rc8+ 1-0

[Event "Otwarty Turniej Szachowy w ramach Mistrz"]
[Site "MDK nr 2 ul. Leszczynskiego 42"]
[Date "2016.10.28"]
[Round "1.2"]
[White "Paprocki, Antoni"]
[Black "Jaroch, Karol"]
[Result "0-1"]
[WhiteElo "1357"]
[BlackElo "2236"]
[PlyCount "64"]
[EventDate "2016.??.??"]

1. e4 d5 2. exd5 Nf6 3. d4 Nxd5 4. c4 Nf6 5. b3 e5 6. d5 c6 7. Nc3 Bb4 8. Bd2
O-O 9. dxc6 Nxc6 10. a3 Bc5 11. b4 Bb6 12. c5 Bc7 13. Bg5 Nd4 14. Bd3 h6 15.
Bxf6 Qxf6 16. Nd5 Qd8 17. Nxc7 Qxc7 18. Ne2 Rd8 19. Nxd4 Rxd4 20. Qe2 a5 21.
O-O axb4 22. axb4 Rxa1 23. Rxa1 Rxb4 24. Ra8 g6 25. h3 Qxc5 26. Qa2 Kg7 27. Ra5
Qc1+ 28. Kh2 Rb2 29. Qc4 Qxc4 30. Bxc4 Rxf2 31. Rxe5 Rc2 32. Bd5 Rc5 0-1

[Event "Otwarty Turniej Szachowy w ramach Mistrz"]
[Site "MDK nr 2 ul. Leszczynskiego 42"]
[Date "2016.10.28"]
[Round "1.3"]
[White "Paprocki, Jaroslaw"]
[Black "Jankowski, Igor"]
[Result "1-0"]
[WhiteElo "2202"]
[BlackElo "1348"]
[PlyCount "67"]
[EventDate "2016.??.??"]

1. d4 Nf6 2. c4 g6 3. Nc3 Bg7 4. e4 d6 5. Nf3 O-O 6. Be2 Nc6 7. h3 e5 8. d5 Ne7
9. g4 Ne8 10. Qc2 f5 11. gxf5 gxf5 12. Bg5 Rf7 13. O-O-O Nf6 14. Rdg1 Kh8 15.
Be3 Nxe4 16. Nxe4 fxe4 17. Ng5 Rf6 18. Bg4 Qf8 19. Qxe4 Nf5 20. Bd1 h6 21. h4
Kg8 22. Ne6 Bxe6 23. dxe6 Nxe3 24. fxe3 c6 25. Bc2 Qe7 26. Qh7+ Kf8 27. Rg6 Rc8
28. Rxf6+ Qxf6 29. Bd3 Ke7 30. Rg1 e4 31. Rxg7+ Kxe6 32. Qxe4+ Qe5 33. Qg4+ Qf5
34. Qxf5# 1-0

[Event "Otwarty Turniej Szachowy w ramach Mistrz"]
[Site "MDK nr 2 ul. Leszczynskiego 42"]
[Date "2016.10.28"]
[Round "1.4"]
[White "Trzebinski, Patryk"]
[Black "Brzezinski, Mateusz"]
[Result "0-1"]
[WhiteElo "1347"]
[BlackElo "2139"]
[PlyCount "126"]
[EventDate "2016.??.??"]

1. e4 e6 2. d4 d5 3. exd5 exd5 4. Nf3 Bd6 5. c4 Nf6 6. Bg5 O-O 7. cxd5 h6 8.
Bh4 Qe8+ 9. Be2 Nxd5 10. O-O Nf4 11. Re1 Nxe2+ 12. Rxe2 Qc6 13. Nc3 Bg4 14. d5
Qa6 15. Re4 Bh5 16. Qd4 Nd7 17. Be7 Rfe8 18. Rae1 Bxf3 19. gxf3 Rxe7 20. Rxe7
Bxe7 21. Rxe7 Qd6 22. Re4 a6 23. Rg4 Qf6 24. Qxf6 Nxf6 25. Rc4 Rc8 26. d6 c6
27. Ne4 Nd7 28. Rb4 b5 29. a4 a5 30. Rb3 f5 31. Ng3 Nc5 32. Rc3 Nxa4 33. Rc2
Nb6 34. Nxf5 Nd5 35. Re2 Kf8 36. d7 Rd8 37. Nd6 Ne7 38. Nb7 Rxd7 39. Nxa5 Rd1+
40. Kg2 Nd5 41. Re5 g5 42. Rf5+ Ke7 43. Nxc6+ Kd6 44. h4 Kxc6 45. hxg5 hxg5 46.
Rxg5 b4 47. Rg4 Rd2 48. Rg6+ Kc5 49. Rg5 Rxb2 50. Rg8 b3 51. Rc8+ Kb5 52. Rd8
Nb6 53. Rd3 Kc4 54. Rd6 Nd5 55. Rc6+ Kd4 56. Kf1 Rc2 57. Rxc2 bxc2 58. Ke2 c1=Q
59. f4 Qxf4 60. f3 Nc3+ 61. Kf2 Ne4+ 62. Ke1 Qe3+ 63. Kf1 Qf2# 0-1

[Event "Otwarty Turniej Szachowy w ramach Mistrz"]
[Site "MDK nr 2 ul. Leszczynskiego 42"]
[Date "2016.10.28"]
[Round "1.5"]
[White "Sliwicki, Damian"]
[Black "Lawicki, Adrian"]
[Result "1-0"]
[WhiteElo "2118"]
[BlackElo "1342"]
[PlyCount "77"]
[EventDate "2016.??.??"]

1. e4 {[%emt 0:00:00]} e5 2. Nf3 Nc6 3. Bc4 Nf6 4. d3 Bc5 5. c3 d6 6. Nbd2 Bg4
7. Nf1 O-O 8. Bb3 Na5 9. Bc2 d5 10. b4 dxe4 11. dxe4 Qxd1+ 12. Kxd1 Bxf2 13.
bxa5 Rfd8+ 14. Ke2 Bc5 15. Bg5 Rd6 16. Bxf6 Rxf6 17. Ne3 Bxf3+ 18. gxf3 Rd8 19.
Rad1 Rc8 20. Rd5 Bd6 21. Nf5 Rd8 22. Rhd1 g6 23. Ne3 Kf8 24. c4 c6 25. R5d3 Ke7
26. c5 Bc7 27. Rxd8 Bxd8 28. Ng4 Rf4 29. a6 bxa6 30. Nxe5 Rf6 31. Ba4 Bc7 32.
Rd7+ Ke6 33. Rxc7 Kxe5 34. Ke3 h5 35. Bb3 g5 36. Re7+ Re6 37. Rxf7 Rf6 38. Re7+
Re6 39. Rxe6# 1-0

[Event "Otwarty Turniej Szachowy w ramach Mistrz"]
[Site "MDK nr 2 ul. Leszczynskiego 42"]
[Date "2016.10.28"]
[Round "1.6"]
[White "Dahms, Medard"]
[Black "Dmochowska, Agnieszka"]
[Result "1/2-1/2"]
[WhiteElo "1316"]
[BlackElo "2099"]
[PlyCount "72"]
[EventDate "2016.??.??"]

1. e4 c5 2. Nc3 Nc6 3. g3 g6 4. Bg2 Bg7 5. d3 d6 6. Be3 e6 7. Qd2 Rb8 8. f4 Nd4
9. Nf3 b5 10. O-O Ne7 11. Bxd4 cxd4 12. Ne2 Qb6 13. Kh1 O-O 14. g4 f5 15. gxf5
exf5 16. Ng3 Bd7 17. Rae1 Rbe8 18. exf5 Nxf5 19. Nxf5 Bxf5 20. Ng5 h6 21. Bd5+
Kh8 22. Nf7+ Kh7 23. Qb4 a5 24. Qxd6 Qxd6 25. Nxd6 Rd8 26. Nxf5 Rxd5 27. Nxg7
Kxg7 28. Kg2 Rc5 29. Rf2 Rfc8 30. Ree2 Kf6 31. Kf3 b4 32. b3 Rc3 33. Kg2 R3c5
34. Kg3 a4 35. Kg2 Kf5 36. Kg3 Kf6 1/2-1/2

[Event "Otwarty Turniej Szachowy w ramach Mistrz"]
[Site "MDK nr 2 ul. Leszczynskiego 42"]
[Date "2016.10.28"]
[Round "1.7"]
[White "Sernecki, Franciszek"]
[Black "Karwowska, Danuta"]
[Result "1-0"]
[WhiteElo "2075"]
[BlackElo "1281"]
[PlyCount "61"]
[EventDate "2016.??.??"]

1. e4 e6 2. d4 d5 3. exd5 exd5 4. Nf3 Bd6 5. c4 Nf6 6. Nc3 c6 7. Bd3 O-O 8. O-O
Bg4 9. h3 Be6 10. c5 Bc7 11. Ng5 Bd7 12. Bc2 h6 13. Nf3 b5 14. Ne5 a5 15. Ne2
Re8 16. Bf4 Be6 17. Qd3 g5 18. Bd2 Bd7 19. f4 Ne4 20. Ng3 f5 21. fxg5 Nxd2 22.
Qxd2 Bxe5 23. dxe5 Rxe5 24. gxh6 Qh4 25. Nxf5 Bxf5 26. Bxf5 Na6 27. h7+ Kh8 28.
Rae1 Rae8 29. Rxe5 Rxe5 30. Qc3 d4 31. Qxa5 1-0

[Event "Otwarty Turniej Szachowy w ramach Mistrz"]
[Site "MDK nr 2 ul. Leszczynskiego 42"]
[Date "2016.10.28"]
[Round "1.8"]
[White "Zajac, Robert"]
[Black "Zolnierowicz, Krzysztof"]
[Result "0-1"]
[WhiteElo "1277"]
[BlackElo "2037"]
[PlyCount "54"]
[EventDate "2016.??.??"]

1. d4 c5 2. e3 e6 3. Bd3 Nf6 4. f4 b6 5. Nf3 Bb7 6. O-O Be7 7. Nbd2 O-O 8. b3
d6 9. dxc5 bxc5 10. e4 Nbd7 11. Bb2 d5 12. e5 Ne4 13. Be2 f5 14. exf6 Bxf6 15.
Ne5 Nxd2 16. Qxd2 Qc7 17. Nd3 c4 18. Bxf6 cxd3 19. Bxg7 dxe2 20. Qxe2 Qb6+ 21.
Kh1 Kxg7 22. Rf3 Kh8 23. Rh3 Qd4 24. Re1 Qxf4 25. Qd3 Qf5 26. Qc3+ d4 27. Qxd4+
e5 0-1

[Event "Otwarty Turniej Szachowy w ramach Mistrz"]
[Site "MDK nr 2 ul. Leszczynskiego 42"]
[Date "2016.10.28"]
[Round "1.9"]
[White "Olszewski, Marek"]
[Black "Lesniak, Angelika"]
[Result "1-0"]
[WhiteElo "2025"]
[BlackElo "1272"]
[PlyCount "63"]
[EventDate "2016.??.??"]

1. e4 d5 2. Nc3 Nf6 3. e5 d4 4. Nce2 Nfd7 5. e6 Nf6 6. exf7+ Kxf7 7. Nf3 Nc6 8.
Ng3 h6 9. Bc4+ Be6 10. Bxe6+ Kxe6 11. O-O Kf7 12. d3 Qd7 13. c3 Ke8 14. Re1 g6
15. Qb3 Rb8 16. Bf4 dxc3 17. bxc3 Bg7 18. d4 Nd5 19. Be5 Nxe5 20. Nxe5 Bxe5 21.
Rxe5 c6 22. Rae1 Rh7 23. Ne4 Rf7 24. c4 Nb6 25. d5 cxd5 26. cxd5 Nc8 27. Re6
Kf8 28. Qg3 Qxd5 29. Rxg6 Rf5 30. Rxh6 Ke8 31. Qxb8 Qd7 32. Rh8+ 1-0

[Event "Otwarty Turniej Szachowy w ramach Mistrz"]
[Site "MDK nr 2 ul. Leszczynskiego 42"]
[Date "2016.10.28"]
[Round "1.10"]
[White "Podlewski, Szymon"]
[Black "Jablonski, Miroslaw"]
[Result "0-1"]
[WhiteElo "1257"]
[BlackElo "1994"]
[PlyCount "116"]
[EventDate "2016.??.??"]

1. e4 e5 2. Nf3 Nc6 3. Bc4 Bc5 4. Bb3 d6 5. Nc3 Nf6 6. d3 h6 7. h3 O-O 8. O-O
Be6 9. Be3 Bb6 10. d4 exd4 11. Bxd4 Nxd4 12. Nxd4 Bd7 13. Nf3 Re8 14. Re1 Bc6
15. Bd5 Nd7 16. Bxc6 bxc6 17. Re2 Qf6 18. Qd3 Rab8 19. Rb1 Ba5 20. Nd1 Nc5 21.
Qd4 Rb4 22. Qxf6 gxf6 23. Nc3 Rc4 24. Re3 Bxc3 25. bxc3 Rexe4 26. Rxe4 Nxe4 27.
Rb8+ Kg7 28. Rb7 Rxc3 29. Rxc7 Rxc2 30. Rxa7 Rc1+ 31. Kh2 Nxf2 32. a4 c5 33. a5
Ra1 34. a6 f5 35. Ra8 f4 36. g3 fxg3+ 37. Kxg3 Ne4+ 38. Kg2 Ra2+ 39. Kg1 Nc3
40. a7 Nb5 41. Rb8 Nxa7 42. Ra8 Ra3 43. Nd2 Nb5 44. Rb8 Rd3 45. Nc4 Nc3 46. Rd8
d5 47. Nb6 Rxh3 48. Kg2 Rh5 49. Kf3 d4 50. Nc4 Rd5 51. Rc8 d3 52. Ke3 Nb1 53.
Nd2 Nxd2 54. Kxd2 h5 55. Ra8 c4 56. Ra4 c3+ 57. Kxc3 d2 58. Ra1 d1=Q 0-1

[Event "Otwarty Turniej Szachowy w ramach Mistrz"]
[Site "MDK nr 2 ul. Leszczynskiego 42"]
[Date "2016.10.29"]
[Round "2.1"]
[White "Romanski, Dawid"]
[Black "Dobrowolski, Piotr"]
[Result "0-1"]
[WhiteElo "1680"]
[BlackElo "2422"]
[PlyCount "67"]
[EventDate "2016.??.??"]

1. c4 e5 2. b3 Nc6 3. Bb2 f5 4. g3 Nf6 5. Bg2 Bc5 6. e3 O-O 7. Bxc6 dxc6 8.
Bxe5 Ng4 9. Nf3 Nxe5 10. Nxe5 Bd4 11. exd4 Qxd4 12. Nc3 Qxe5+ 13. Qe2 Qd6 14.
f4 Bd7 15. O-O-O Rae8 16. Qf2 a5 17. c5 Qf6 18. d4 Be6 19. Rhe1 Bf7 20. Re5 b6
21. Rde1 Rd8 22. Kc2 Rd7 23. h3 Rfd8 24. Rd1 h6 25. Qe3 b5 26. g4 b4 27. Ne2
fxg4 28. hxg4 Qg6+ 29. Kb2 Qxg4 30. Rg1 Qh4 31. Rg3 Qf6 32. Qe4 Rd5 33. Rh3 Bg6
34. Qe3 0-1

[Event "Otwarty Turniej Szachowy w ramach Mistrz"]
[Site "MDK nr 2 ul. Leszczynskiego 42"]
[Date "2016.10.29"]
[Round "2.2"]
[White "Jaroch, Karol"]
[Black "Lech, Piotr"]
[Result "1-0"]
[WhiteElo "2236"]
[BlackElo "1686"]
[PlyCount "49"]
[EventDate "2016.??.??"]

1. e4 e5 2. Nf3 Nf6 3. Nxe5 d6 4. Nf3 Nxe4 5. Nc3 Nxc3 6. dxc3 Be7 7. Bf4 O-O
8. Qd2 Nd7 9. O-O-O Nc5 10. Kb1 Re8 11. h4 Ne4 12. Qe1 Bf6 13. Be3 Bg4 14. Bd3
a5 15. Qf1 a4 16. a3 Qc8 17. Re1 Nc5 18. Bxc5 dxc5 19. Ng5 g6 20. Ne4 Be7 21.
h5 Bf5 22. hxg6 hxg6 23. f3 Bxe4 24. fxe4 Kg7 25. Rh7+ 1-0

[Event "Otwarty Turniej Szachowy w ramach Mistrz"]
[Site "MDK nr 2 ul. Leszczynskiego 42"]
[Date "2016.10.29"]
[Round "2.3"]
[White "Losinski, Pawel"]
[Black "Paprocki, Jaroslaw"]
[Result "0-1"]
[WhiteElo "1656"]
[BlackElo "2202"]
[PlyCount "126"]
[EventDate "2016.??.??"]

1. e4 e5 2. Nf3 Nc6 3. Bb5 Bc5 4. c3 Nf6 5. d4 Bb6 6. O-O O-O 7. Bg5 h6 8. Bh4
d6 9. Qd3 Qe7 10. Re1 Nb8 11. Nbd2 c6 12. Ba4 Bc7 13. Nf1 Nbd7 14. Ne3 Re8 15.
Nf5 Qf8 16. Rad1 d5 17. Nd2 g6 18. Ne3 exd4 19. cxd4 Nxe4 20. Bc2 Ba5 21. Nef1
f5 22. f3 Nxd2 23. Nxd2 Rxe1+ 24. Rxe1 Bd8 25. Bxd8 Qxd8 26. Re6 Nf8 27. Re5
Qf6 28. f4 Be6 29. Nf3 Bf7 30. Qe2 Ne6 31. g3 Nc7 32. Qe1 Nb5 33. Qb4 Nd6 34.
Bd3 a5 35. Qb6 Qd8 36. Qc5 Ne4 37. Qc2 Qb6 38. Kg2 Re8 39. Be2 Rxe5 40. fxe5 c5
41. dxc5 Qxc5 42. Qxc5 Nxc5 43. b3 Kf8 44. Nd2 g5 45. Bb5 Ke7 46. a3 Ke6 47. b4
axb4 48. axb4 Ne4 49. Nf3 g4 50. Ne1 Kxe5 51. Nc2 d4 52. Bd3 Bd5 53. Kf1 Nd2+
54. Kf2 Nf3 55. Ne1 Nxe1 56. Kxe1 f4 57. gxf4+ Kxf4 58. Kf2 h5 59. Bg6 h4 60.
Bd3 g3+ 61. hxg3+ hxg3+ 62. Ke2 Bf3+ 63. Kf1 Ke3 0-1

[Event "Otwarty Turniej Szachowy w ramach Mistrz"]
[Site "MDK nr 2 ul. Leszczynskiego 42"]
[Date "2016.10.29"]
[Round "2.4"]
[White "Brzezinski, Mateusz"]
[Black "Ciesielski, Jan"]
[Result "1-0"]
[WhiteElo "2139"]
[BlackElo "1668"]
[PlyCount "61"]
[EventDate "2016.??.??"]

1. d4 c6 2. Nf3 d5 3. c4 e6 4. Nc3 Nf6 5. cxd5 exd5 6. Bg5 Be7 7. e3 Bg4 8. Qb3
Qb6 9. Nd2 Nbd7 10. Bd3 h6 11. Bh4 O-O 12. h3 Be6 13. f4 Nb8 14. Qc2 Qc7 15.
O-O Nh5 16. Bf2 Nf6 17. Rac1 a5 18. Nf3 Na6 19. Qd2 Qc8 20. Bh4 Ne4 21. Nxe4
dxe4 22. Bxe7 exf3 23. Bxf8 fxg2 24. Qxg2 Kxf8 25. Kh2 Nb4 26. Bb1 Bxa2 27. Rg1
g6 28. Bxa2 Nxa2 29. Rc5 Nb4 30. f5 b6 31. Rcc1 1-0

[Event "Otwarty Turniej Szachowy w ramach Mistrz"]
[Site "MDK nr 2 ul. Leszczynskiego 42"]
[Date "2016.10.29"]
[Round "2.5"]
[White "Kozakiewicz, Gracjan"]
[Black "Sliwicki, Damian"]
[Result "0-1"]
[WhiteElo "1611"]
[BlackElo "2118"]
[PlyCount "94"]
[EventDate "2016.??.??"]

1. d4 Nf6 2. c4 e6 3. Nf3 d5 4. Bg5 Bb4+ 5. Nc3 Nbd7 6. a3 Bxc3+ 7. bxc3 c5 8.
e3 Qa5 9. Qb3 Ne4 10. Bd3 cxd4 11. cxd5 Nec5 12. Qc2 Qxc3+ 13. Qxc3 dxc3 14.
Ke2 exd5 15. Rac1 Nxd3 16. Kxd3 Nc5+ 17. Kxc3 Bg4 18. Bh4 Rc8 19. Rb1 Bf5 20.
Rbd1 Na4+ 21. Kd4 Nc3 22. Rd2 Be4 23. Ke5 f6+ 24. Kf4 g5+ 25. Nxg5 fxg5+ 26.
Bxg5 Bxg2 27. Rg1 Rc4+ 28. Ke5 Re4+ 29. Kd6 Rg4 30. Rc2 Ne4+ 31. Ke6 Nxg5+ 32.
Kf5 Be4+ 33. Kxg4 Bxc2 34. Rc1 Kd7 35. Rxc2 Ne4 36. f3 Rg8+ 37. Kf4 Rf8+ 38.
Kg4 Nd6 39. h4 Nc4 40. Rc3 Ne5+ 41. Kh5 Nxf3 42. Rb3 b6 43. Rb4 Rf6 44. Rg4 Ke6
45. Rg7 Rf7 46. Rg8 d4 47. exd4 Rf4 0-1

[Event "Otwarty Turniej Szachowy w ramach Mistrz"]
[Site "MDK nr 2 ul. Leszczynskiego 42"]
[Date "2016.10.29"]
[Round "2.6"]
[White "Kacprzak, Karol"]
[Black "Sernecki, Franciszek"]
[Result "0-1"]
[WhiteElo "1567"]
[BlackElo "2075"]
[PlyCount "116"]
[EventDate "2016.??.??"]

1. e4 e6 2. d4 d5 3. Nc3 dxe4 4. Nxe4 Nd7 5. Nf3 Ngf6 6. Nxf6+ Nxf6 7. Bd3 Be7
8. O-O O-O 9. c4 c5 10. dxc5 Bxc5 11. Qc2 h6 12. b3 b6 13. Bb2 Bb7 14. Qe2 Qe7
15. Rad1 Rad8 16. Rfe1 Ba8 17. h3 Bb4 18. Rf1 Bd6 19. Bb1 Bb8 20. Rxd8 Rxd8 21.
Rd1 Rxd1+ 22. Qxd1 Qd6 23. Qxd6 Bxd6 24. Nd2 Bb4 25. Nf1 Ne4 26. a3 Bc5 27. Ne3
a5 28. Bc2 f5 29. Nd1 Kf7 30. Kf1 g5 31. Ke2 h5 32. g3 h4 33. gxh4 gxh4 34. Bc1
Kf6 35. Be3 Bxe3 36. Kxe3 Ng5 37. Bd3 Nxh3 38. Nc3 Ng1 39. Bf1 Bc6 40. b4 axb4
41. axb4 h3 42. f3 h2 43. Bg2 Bxf3 44. Kf2 Ke5 45. c5 bxc5 46. bxc5 Bxg2 47.
Kxg2 Nf3 48. Ne2 Ne1+ 49. Kxh2 Nd3 50. c6 Kd6 51. Nd4 Nc5 52. Kg3 Na6 53. Kf3
Kd5 54. Ke3 f4+ 55. Kd3 Nb4+ 56. Kc3 Nxc6 57. Nxc6 Kxc6 58. Kd4 e5+ 0-1

[Event "Otwarty Turniej Szachowy w ramach Mistrz"]
[Site "MDK nr 2 ul. Leszczynskiego 42"]
[Date "2016.10.29"]
[Round "2.7"]
[White "Zolnierowicz, Krzysztof"]
[Black "Borkowska, Zuzanna"]
[Result "1-0"]
[WhiteElo "2037"]
[BlackElo "1629"]
[PlyCount "63"]
[EventDate "2016.??.??"]

1. Nf3 c5 2. c4 Nc6 3. g3 g6 4. Bg2 Bg7 5. O-O Nh6 6. Nc3 O-O 7. d3 d6 8. Bd2
f5 9. a3 Nf7 10. Rb1 a5 11. h4 Nfe5 12. Nxe5 Nxe5 13. b4 axb4 14. axb4 cxb4 15.
Rxb4 Nc6 16. Rb1 e5 17. Nd5 Rb8 18. Bg5 Qd7 19. Qa4 Nd4 20. Qxd7 Nxe2+ 21. Kh2
Bxd7 22. Be7 Rf7 23. Bxd6 Re8 24. Nc7 Rd8 25. Bxb7 Ba4 26. c5 Bc2 27. Bd5 Bxd3
28. Rb7 Nxg3 29. fxg3 Bxf1 30. Ne8 e4 31. Rxf7 Rxe8 32. Rf8# 1-0

[Event "Otwarty Turniej Szachowy w ramach Mistrz"]
[Site "MDK nr 2 ul. Leszczynskiego 42"]
[Date "2016.10.29"]
[Round "2.8"]
[White "Dluzynski, Krzysztof"]
[Black "Olszewski, Marek"]
[Result "0-1"]
[WhiteElo "1551"]
[BlackElo "2025"]
[PlyCount "90"]
[EventDate "2016.??.??"]

1. d4 Nf6 2. c4 d6 3. Nf3 Nbd7 4. Nc3 e5 5. e4 Be7 6. Be2 c6 7. O-O O-O 8. h3
a6 9. Be3 Re8 10. Qd2 Bf8 11. d5 c5 12. Nh2 g6 13. Kh1 Bg7 14. Bg5 Qc7 15. Bh6
Kh8 16. Rae1 Ng8 17. Bxg7+ Kxg7 18. f4 exf4 19. Qxf4 Ne5 20. Rf2 f6 21. h4 Rb8
22. Rg1 Qe7 23. g4 Bd7 24. Nf1 b5 25. Nd2 bxc4 26. Nxc4 Bb5 27. b3 Bxc4 28.
bxc4 Rb4 29. h5 g5 30. Qg3 Nh6 31. Rgf1 Nd7 32. Bd1 Rf8 33. a3 Rbb8 34. Rg1 Nf7
35. Rf5 Nfe5 36. Be2 Rb3 37. Rb1 Rfb8 38. Rxb3 Rxb3 39. Qe1 Qd8 40. Qc1 Qa5 41.
Nb1 Qb6 42. Rf1 Rh3+ 43. Kg2 Qb3 44. Qe1 Nd3 45. Qc3 Nf4+ 0-1

[Event "Otwarty Turniej Szachowy w ramach Mistrz"]
[Site "MDK nr 2 ul. Leszczynskiego 42"]
[Date "2016.10.29"]
[Round "2.9"]
[White "Jablonski, Miroslaw"]
[Black "Bregoszewski, Leon"]
[Result "1-0"]
[WhiteElo "1994"]
[BlackElo "1602"]
[PlyCount "73"]
[EventDate "2016.??.??"]

1. d4 d5 2. Nf3 Nf6 3. e3 Bg4 4. c4 e6 5. Qb3 b6 6. Ne5 c6 7. Nxg4 Nxg4 8. h3
Nf6 9. Nc3 Be7 10. Bd3 O-O 11. Bd2 Nbd7 12. cxd5 exd5 13. O-O Re8 14. e4 dxe4
15. Nxe4 Nd5 16. Ba6 Rb8 17. Rac1 Nc7 18. Bc4 Rf8 19. Bf4 Rc8 20. Nd6 Nf6 21.
Nxc8 Qxc8 22. Rfe1 Qd7 23. Bxc7 Qxc7 24. Bb5 c5 25. Qf3 Bd6 26. b4 Bf4 27. Rc4
Bd2 28. Rb1 a6 29. Bxa6 Re8 30. bxc5 bxc5 31. Rxc5 Qd6 32. Bb5 Rd8 33. Qd3 Bh6
34. Re1 g6 35. Rc6 Qf4 36. g3 Qb8 37. Rxf6 1-0

[Event "Otwarty Turniej Szachowy w ramach Mistrz"]
[Site "MDK nr 2 ul. Leszczynskiego 42"]
[Date "2016.10.29"]
[Round "2.10"]
[White "Hladun, Bartlomiej"]
[Black "Konieczynski, Piotr"]
[Result "1-0"]
[WhiteElo "1535"]
[BlackElo "1990"]
[PlyCount "132"]
[EventDate "2016.??.??"]

1. e4 e6 2. d4 d5 3. Nc3 Bb4 4. Nge2 dxe4 5. a3 Bxc3+ 6. Nxc3 Nc6 7. d5 exd5 8.
Qxd5 Be6 9. Qb5 Nge7 10. Nxe4 O-O 11. Bf4 Qd4 12. Bd3 a6 13. Qg5 Nd5 14. O-O-O
Nxf4 15. Qxf4 Qe5 16. Qh4 h6 17. Rhe1 Qa5 18. f4 Nd4 19. Ng5 Nf5 20. Bxf5 Bxf5
21. Re5 hxg5 22. Qxg5 f6 23. Rxf5 fxg5 24. Rxa5 gxf4 25. Rd7 Rf7 26. Rxf7 Kxf7
27. Rf5+ Ke6 28. Rxf4 Rd8 29. c3 Rd7 30. Kc2 g5 31. Rf3 Rh7 32. h3 Rd7 33. Rf8
Ke7 34. Rf5 g4 35. Rg5 Kf6 36. Rxg4 Re7 37. Rf4+ Kg5 38. Rg4+ Kf5 39. Kd2 a5
40. b4 Rd7+ 41. Kc2 axb4 42. axb4 Re7 43. Kd2 Rd7+ 44. Rd4 Rg7 45. g4+ Kg5 46.
Rd5+ Kf4 47. Ke2 Rh7 48. Rd3 Re7+ 49. Kf2 b5 50. Rf3+ Ke4 51. Kg3 {[%emt 0:00:
00]} Rd7 {[%emt 0:00:00]} 52. g5 Rd1 53. h4 Rg1+ 54. Kh2 Rg4 55. Rh3 Kf4 56.
Kh1 Ke5 57. h5 Rxg5 58. h6 Rg8 59. h7 Rh8 60. Kg2 Kf5 61. Kg3 Kg5 62. Kf3 Kf5
63. Ke3 Kg6 64. Kd4 Kg7 65. Kc5 Rc8 66. Kc6 Kh8 1-0

[Event "Otwarty Turniej Szachowy w ramach Mistrz"]
[Site "MDK nr 2 ul. Leszczynskiego 42"]
[Date "2016.10.29"]
[Round "3.1"]
[White "Dobrowolski, Piotr"]
[Black "Stylinski, Piotr  "]
[Result "1-0"]
[WhiteElo "2422"]
[BlackElo "1832"]
[PlyCount "39"]
[EventDate "2016.??.??"]

1. e4 c6 2. c4 d5 3. exd5 cxd5 4. cxd5 Nf6 5. Nc3 Nxd5 6. Nf3 e6 7. d4 Be7 8.
Bd3 Nc6 9. O-O O-O 10. Re1 Bf6 11. Be4 Nb6 12. Qd3 g6 13. Bh6 Re8 14. Bxc6 bxc6
15. Ne4 Bh8 16. Rac1 e5 17. Qa3 exd4 18. Bg5 f6 19. Bxf6 Rxe4 20. Bxd8 1-0

[Event "Otwarty Turniej Szachowy w ramach Mistrz"]
[Site "MDK nr 2 ul. Leszczynskiego 42"]
[Date "2016.10.29"]
[Round "3.2"]
[White "Darowicki, Mariusz"]
[Black "Jaroch, Karol"]
[Result "0-1"]
[WhiteElo "1912"]
[BlackElo "2236"]
[PlyCount "106"]
[EventDate "2016.??.??"]

1. d4 e6 2. c4 Nf6 3. Nf3 b6 4. g3 Bb7 5. a3 d5 6. cxd5 exd5 7. Bg2 Nbd7 8. O-O
Bd6 9. Nc3 a6 10. Bf4 Bxf4 11. gxf4 O-O 12. e3 c5 13. Ne5 Rc8 14. Ne2 Re8 15.
Ng3 g6 16. Bh3 Rc7 17. Rc1 Bc8 18. Bg2 h5 19. dxc5 bxc5 20. Nf3 Bb7 21. f5 Ne5
22. fxg6 fxg6 23. Nxe5 Rxe5 24. Qd3 Kg7 25. Rfd1 Qe7 26. Rc3 Ng4 27. h3 Nxf2
28. Kxf2 Qh4 29. e4 d4 30. Rb3 Bc8 31. Kg1 Rg5 32. Kh2 Be6 33. Rf1 Bxb3 34.
Qxb3 Re5 35. Qb6 Qe7 36. Qxa6 Re6 37. Qc4 Qd6 38. h4 d3 39. Qd5 Qe7 40. Qxd3
Qxh4+ 41. Kg1 Qg5 42. Qf3 Qe7 43. Qc3+ Kh7 44. Bh3 Rb6 45. e5 Qh4 46. Bg2 Qd4+
47. Qxd4 cxd4 48. b4 Rc3 49. Rf3 d3 50. Bf1 d2 51. Rxc3 d1=Q 52. Re3 Qd4 53.
Kf2 Qf4+ 0-1

[Event "Otwarty Turniej Szachowy w ramach Mistrz"]
[Site "MDK nr 2 ul. Leszczynskiego 42"]
[Date "2016.10.29"]
[Round "3.3"]
[White "Paprocki, Jaroslaw"]
[Black "Pawletko, Szymon"]
[Result "1-0"]
[WhiteElo "2202"]
[BlackElo "1810"]
[PlyCount "61"]
[EventDate "2016.??.??"]

1. d4 d5 2. c4 c6 3. Nf3 Nf6 4. Nc3 e6 5. e3 Nbd7 6. Qc2 Bd6 7. g4 e5 8. g5
exd4 9. Nxd4 Ng4 10. f4 h6 11. Rg1 Nb6 12. cxd5 hxg5 13. h3 gxf4 14. hxg4 Qh4+
15. Qf2 Qxf2+ 16. Kxf2 fxe3+ 17. Bxe3 Nxd5 18. Nxd5 cxd5 19. Bb5+ Bd7 20. Nf5
Be5 21. Bxd7+ Kxd7 22. Bd4 Bxd4+ 23. Nxd4 Rac8 24. Rh1 Rhe8 25. Rhe1 Rh8 26.
Kg3 g6 27. Rad1 Kd6 28. Nb5+ Kc5 29. Nc3 d4 30. Re5+ Kc4 31. Rd5 1-0

[Event "Otwarty Turniej Szachowy w ramach Mistrz"]
[Site "MDK nr 2 ul. Leszczynskiego 42"]
[Date "2016.10.29"]
[Round "3.4"]
[White "Kopaczewski, Adam"]
[Black "Brzezinski, Mateusz"]
[Result "1-0"]
[WhiteElo "1821"]
[BlackElo "2139"]
[PlyCount "89"]
[EventDate "2016.??.??"]

1. e4 e6 2. d4 d5 3. Nc3 Bb4 4. Bd3 dxe4 5. Bxe4 Nf6 6. Bf3 c5 7. dxc5 O-O 8.
Qxd8 Rxd8 9. Be3 Nc6 10. Bxc6 bxc6 11. Nge2 Ba6 12. a3 Ba5 13. b4 Bc7 14. Bf4
Bxf4 15. Nxf4 Bc4 16. Nfe2 a5 17. Rb1 axb4 18. axb4 Nd5 19. h4 Kf8 20. Rh3 Ra3
21. Rg3 Nc7 22. Rg4 Bxe2 23. Nxe2 e5 24. Re4 Ra2 25. Rc4 Ke8 26. Nc1 Ra4 27.
Nd3 f6 28. f4 Nb5 29. Rb2 Ra1+ 30. Kf2 Rd4 31. Rxd4 exd4 32. Ne1 Kd7 33. f5 Nc3
34. Rb3 Ra2 35. Kf3 Kc7 36. g4 Kb7 37. Kf4 Ka6 38. Nf3 Ne2+ 39. Ke4 Rxc2 40.
Ne1 Ra2 41. b5+ cxb5 42. Kd5 Ra4 43. Nd3 Nc3+ 44. Ke6 Ra2 45. Nb4+ 1-0

[Event "Otwarty Turniej Szachowy w ramach Mistrz"]
[Site "MDK nr 2 ul. Leszczynskiego 42"]
[Date "2016.10.29"]
[Round "3.5"]
[White "Sliwicki, Damian"]
[Black "Blajet, Radoslaw"]
[Result "1-0"]
[WhiteElo "2118"]
[BlackElo "1730"]
[PlyCount "65"]
[EventDate "2016.??.??"]

1. e4 c5 2. Nf3 d6 3. d4 cxd4 4. Qxd4 Nf6 5. Bg5 Nc6 6. Bb5 Qa5+ 7. Nc3 Bd7 8.
Bxc6 Bxc6 9. O-O-O e5 10. Qd2 Nd7 11. Kb1 Qc7 12. Rhe1 Nb6 13. Qd3 f6 14. Be3
O-O-O 15. Nd2 Be7 16. Bxb6 Qxb6 17. f3 Rd7 18. Nc4 Qc7 19. Ne3 Rhd8 20. Ned5
Qa5 21. b4 Qa3 22. Nxe7+ Rxe7 23. Nd5 Qxd3 24. Nxe7+ Kd7 25. Rxd3 Kxe7 26. c4
a6 27. Kb2 Ke6 28. Red1 Rd7 29. Kb3 b6 30. a4 a5 31. bxa5 bxa5 32. Ka3 Ke7 33.
c5 1-0